000 00480cam a2200193ua 4500
001 7184
008 141203n ii |||gr||||Z||||||eng
020 _a9788186307328
040 _cMAIN
041 _aeng
082 _a954
100 _aBoruah, A.Kr.,
_eAuthor.
245 1 _aThe Koch kingdom :
_bPolity, society and economy /
_cBy Ajit Kumar Boruah .
250 _a1st.
260 _aGuwahati:
_bDVS,
_c2011.
300 _axvii,271p.
653 _aKoch kingdom
942 _cBK
999 _c6310
_d6310